A vogul igekötők a magyar igekötők tükrében
Elmentve itt :
| Szerző: | |
|---|---|
| További közreműködők: | |
| Dokumentumtípus: | Szakdolgozat |
| Megjelent: |
1997
|
| Tárgyszavak: | |
| Online Access: | http://diploma.bibl.u-szeged.hu/45430 |
| LEADER | 00558nta a2200157 i 4500 | ||
|---|---|---|---|
| 001 | dipl45430 | ||
| 005 | 20141128111228.0 | ||
| 008 | 141128s1997 hu om 0|| zxx d | ||
| 040 | |a SZTE Diploma Repozitórium |b hun | ||
| 041 | |a zxx | ||
| 100 | 1 | |a Miklós Viktória | |
| 245 | 1 | 2 | |a A vogul igekötők a magyar igekötők tükrében |h [elektronikus dokumentum] / |c Viktória Miklós |
| 260 | |c 1997 | ||
| 650 | 4 | |a Bölcsészettudományok | |
| 700 | 1 | |a Dolovai Dorottya |e ths | |
| 856 | 4 | 0 | |u http://diploma.bibl.u-szeged.hu/id/eprint/45430/1/1997_miklos_viktoria.pdf |z Dokumentum-elérés |